Yalnızlıklar Şiirler (Record no. 319)

000 -LEADER
fixed length control field 00536nam a22001937a 4500
008 - FIXED-LENGTH DATA ELEMENTS--GENERAL INFORMATION
fixed length control field 170612b xxu||||| |||| 00| p tur d
020 ## - INTERNATIONAL STANDARD BOOK NUMBER
International Standard Book Number 9758059009
041 ## - LANGUAGE CODE
Language code of text/sound track or separate title Türkçe
050 ## - LIBRARY OF CONGRESS CALL NUMBER
Classification number PL234.A896
100 ## - MAIN ENTRY--PERSONAL NAME
Personal name Aykın, Bedrettin
9 (RLIN) 339
245 ## - TITLE STATEMENT
Title Yalnızlıklar Şiirler
Statement of responsibility, etc. Dizi Editörü: Hüseyin Alemdar
250 ## - EDITION STATEMENT
Edition statement 1. baskı
260 ## - PUBLICATION, DISTRIBUTION, ETC.
Place of publication, distribution, etc. İstanbul
Name of publisher, distributor, etc. Hera Şiir Kitaplığı
Date of publication, distribution, etc. Temmuz 1997
300 ## - PHYSICAL DESCRIPTION
Extent 79 sayfa
500 ## - GENERAL NOTE
General note Şiir ; 11
650 #0 - SUBJECT ADDED ENTRY--TOPICAL TERM
9 (RLIN) 145
Topical term or geographic name entry element Türk Edebiyatı
700 ## - ADDED ENTRY--PERSONAL NAME
9 (RLIN) 459
Personal name Alemdar, Hüseyin
942 ## - ADDED ENTRY ELEMENTS (KOHA)
Source of classification or shelving scheme
Koha item type Books
Holdings
Withdrawn status Lost status Source of classification or shelving scheme Damaged status Not for loan Permanent Location Current Location Shelving location Date acquired Full call number Barcode Date last seen Price effective from Koha item type
        Ödünç verilemez İmren Ahmet Tüzün Kütüphanesi İmren Ahmet Tüzün Kütüphanesi Ahmet Tüzün 2017-06-16 PL234.A896 100100000314 2017-06-16 2017-06-16 Books
        Ödünç verilemez İmren Ahmet Tüzün Kütüphanesi İmren Ahmet Tüzün Kütüphanesi Ahmet Tüzün 2019-09-25 PL234.A896 100100004170 2019-09-25 2019-09-25 Books

This software was implemented, installed and managed by Devinim Software Training Consulting .